|
|
|
|
| LEADER |
00000nab a2200000 a 4500 |
| 001 |
vtls000305351 |
| 003 |
SK-MaSNL |
| 005 |
20260302214654.0 |
| 008 |
111201c1988 xo 0 slo |
| 015 |
|
|
|a SNBRB19rr/mm-uuuuu
|
| 035 |
|
|
|a CL0315470
|
| 040 |
|
|
|a SNKBUCL
|b slo
|c SNKBUCL
|e AACR2
|
| 041 |
0 |
|
|a slo
|
| 044 |
|
|
|a xo
|c SK
|
| 080 |
|
|
|a 327(437:47)
|2 1981
|
| 080 |
|
|
|a 327(100-11)(47:437)
|2 1981
|
| 100 |
1 |
|
|a (jak)
|4 aut
|9 886231
|
| 245 |
1 |
0 |
|a Ďalšie prehĺbenie spolupráce
|b Záverečný deň pobytu V. Guseva v ČSSR
|c (jak) ; Vladimir Gusev
|
| 650 |
0 |
7 |
|a ČSSR
|2 snkbucl
|9 335647
|
| 650 |
0 |
7 |
|a zahraničná politika
|2 snkbucl
|9 971
|
| 651 |
|
7 |
|a Sovietsky zväz
|2 snkbucl
|9 22126
|
| 655 |
|
7 |
|a články z novín a časopisov
|2 snkbucl
|9 267496
|
| 773 |
0 |
|
|t Pravda
|g Roč. 69, č. 65 (18. 3. 1988), s. 1
|
| 850 |
|
|
|a Slovenská národná knižnica v Martine
|a MTA001
|
| 852 |
|
|
|a SNK
|b KIS3GCP
|
| 958 |
|
|
|a RK
|
| 992 |
|
|
|a RBX
|
| 999 |
|
|
|c 1499093
|d 1501023
|